| 000 | 00703nam a22002057a 4500 | ||
|---|---|---|---|
| 999 |
_c7767 _d7767 |
||
| 001 | 7767 | ||
| 003 | BD-JhCC | ||
| 005 | 20180213175051.0 | ||
| 008 | 180213s1980 ii ad||| |||| 00| 0 ben d | ||
| 035 | _a(BD-JhCC)7767 | ||
| 040 |
_aBD-JhCC _dBD-JhCC |
||
| 041 | _aben | ||
| 082 |
_a535 _bBAS 1980 |
||
| 100 | _aবসাক, বিজয়শঙ্কর | ||
| 245 |
_aভৌত আলোকবিজ্ঞান / _cবিজয়শঙ্কর বসাক |
||
| 260 |
_aকলকাতা : _bপশ্চিমবঙ্গ রাজ্য পুস্তক পর্ষদ, _c১৯৮০. |
||
| 300 |
_a৫১১ পৃ. : _c২২ সেমি. |
||
| 650 | _aPhysical Optics | ||
| 942 |
_2ddc _cBK |
||